000 00357 a2200157 4500
001 64165
020 _a9788591081905
040 _cAnchieta - Pituba
100 _aSouza, Sérgio Roberto Belleza
240 1 0 _aCaminhando com walkyria
_lpor
245 1 0 _aCaminhando com walkyria
300 _a257p
362 0 _a2010
650 4 _aEducação
942 _cBK
999 _c64165
_d64165